00631nam a22002177a 450000500170000001000130001702000100003003500130004003700140005308200080006710000300007524500630010524600520016826000400022027000380026030000200029865000240031865000250034265000230036765000230039020191218115546.0 aA-640053 c15.00 aA-640053 bBPPD/Pub. a840 aنند کشور وکرم  aعلمی اردو ادب 1993 :cنند کشور وکرم  a1993 Alami urdu adab /bby Nand Kishore Vikram  aDelhibNand Kishore Vikramc1993 ء bDelhiaJ-6, Krishan Nagare110051 a423p.c21cm(Hb) aادب -- اردو  a ادبی تنقید aLiterature -- Urdu aLiterary criticism